| 000 | 01157nam a22002537a 4500 | ||
|---|---|---|---|
| 005 | 20240530110404.0 | ||
| 008 | 150129s2012 ua d g b 00| 0 ara d | ||
| 040 | _aEG-CaGPL | ||
| 041 | 0 | _aara | |
| 082 | 0 | 4 |
_221 _a362.5\ _bف د |
| 100 | 0 | _aفاطمة على ابو الحديد | |
| 245 | 1 | 0 |
_aدور المجتمع المدنى فى مواجهة الفقر فى المناطق العشوائية : _bدراسة ميدانية فى القاهرة الكبرى / _cاعداد فاطمة على ابو الحديد ؛ تقديم نبيل محمد توفيق السمالوطى |
| 260 |
_aالاسكندرية : _bدار المعرفة الجامعية ، _c2012 |
||
| 300 |
_a408 ص : _bجداول ؛ _c24 سم |
||
| 504 | _aببليوجرافية : ص 387 - 408 | ||
| 650 | 0 | 4 | _aالفقر |
| 650 | 0 | 4 |
_aالمجتمع المدنى _xالعولمة |
| 650 | 0 | 4 |
_aالفقر _xرعاية اجتماعية |
| 650 | 0 | 4 | _aالمشاكل الاجتماعية |
| 650 | 0 | 4 |
_aالفقر _xدراسة ميدانية |
| 700 | 0 |
_aنبيل محمد توفيق السمالوطى _eمقدم |
|
| 942 |
_2ddc _cBK |
||
| 999 |
_c60325 _d60325 |
||